000 00637nam a2200217Ia 4500
003 GCL
008 140319s9999 xx 000 0 ara d
040 _aGCL /
_cGCL
082 0 4 _a370
_bو ت
100 1 _aعبدالعزيز القوصى
245 1 0 _aالتربية والصحة النفسية /
_cعبدالعزيز القوصى
700 1 _aوول , و.د
700 1 _aابراهيم حافظ
300 _a309
490 _aالالف كتاب
_v0
650 0 4 _aالصحة النفسية
650 0 4 _aالتربية
650 0 4 _aالصحة المدرسية
650 0 4 _aالبيت والمدرسة
942 _2ddc
_cBK
999 _c43646
_d43646